|
|
|
|
| LEADER |
00000nam a2200000 a 4500 |
| 001 |
vtls008768856 |
| 003 |
SK-MaSNL |
| 005 |
20260224120430.0 |
| 008 |
160627s2006 xo f u 000 0 slo |
| 015 |
|
|
|a SNBN2013
|
| 020 |
|
|
|c (cen. skup,)
|
| 040 |
|
|
|a SNK
|b slo
|c SNK
|e AACR2
|
| 041 |
0 |
|
|a slo
|
| 044 |
|
|
|a xo
|c SK
|
| 046 |
|
|
|a s
|
| 084 |
|
|
|a 13.320
|2 ICS
|
| 245 |
0 |
0 |
|a STN EN 50131-5-3: 2005, Poplachové systémy. Elektrické zabezpečovacie systémy
|n Časť 5-3
|p Požiadavky na prepojovacie zariadenia využívajúce techniku rádiového prenosu
|
| 260 |
|
|
|a Bratislava
|b Slovenský ústav technickej normalizácie
|c 2006
|
| 300 |
|
|
|a 28 s.
|
| 774 |
1 |
8 |
|t STN EN 50131-5-3/A1: 2009
|d Bratislava : Slovenský ústav technickej normalizácie, 2009
|w vtls009957887
|
| 999 |
|
|
|c 996421
|d 998351
|
| 952 |
|
|
|a SNK
|b SNK
|y PREZ
|7 0
|p 17A0511084
|o snkSTN EN 50131-5-3
|i snk2006/10866
|8 0
|0 0
|1 0
|4 0
|d 2006-06-01
|l 0
|r 2026-02-24 12:04:30
|w 2026-02-24
|
| 952 |
|
|
|a SNK
|b SNK
|y PREZ
|7 0
|p 17A0511088
|o snkSTN EN 50131-5-3 D1
|i snk2006/11038
|8 0
|0 0
|1 0
|4 0
|d 2006-06-02
|l 0
|r 2026-02-24 12:04:30
|w 2026-02-24
|